000 00824cam a22002413a 4500
001 20491
003 PGUSA
005 20140828083431.0
008 070131s2007||||xxu|||||s|||||000 1 eng d
040 _aPGUSA
_beng
042 _adc
050 4 _aPR
100 1 _aScully, W. C.
_q(William Charles),
_d1855-1943
245 1 0 _aKafir Stories :
_bSeven Short Stories
_h[electronic resource] /
_cW. C. Scully
260 _bProject Gutenberg,
_c2007
505 0 _aThe Eumenides in Kafirland -- The fundamental axiom -- Kellson's nemesis -- The quest of the copper -- Ghamba -- Ukushwama -- Umtagati.
506 _aPublic domain in the USA.
516 _aElectronic text
653 _aXhosa (African people) -- Fiction
830 0 _aProject Gutenberg
_v20491
856 4 0 _uhttp://www.gutenberg.org/ebooks/20491
942 _cEB
999 _c249746
_d249746